|
|
|
|
| LEADER |
00000naa2a2200000 4500 |
| 001 |
91877 |
| 005 |
20240214103621.0 |
| 035 |
|
|
|a (RuTPU)RU\TPU\book\98468
|
| 090 |
|
|
|a 91877
|
| 100 |
|
|
|a 20060302d2002 k y0rusy50 ca
|
| 101 |
0 |
|
|a rus
|
| 102 |
|
|
|a RU
|
| 200 |
1 |
|
|a Рациональность и теоретичность знания
|f А. А. Корниенко, Н. В. Погукаева
|
| 463 |
|
0 |
|0 (RuTPU)RU\TPU\book\68511
|t Философские проблемы воспитания молодежи
|o труды межрегиональной научно-практической конференции, 25 ноября 2002 года, Юрга
|f Томский политехнический университет; Юргинский филиал; Кемеровский государственный университет
|v C. 39-42
|d 2002
|p 242 с.
|
| 610 |
1 |
|
|a теоретические знания
|
| 610 |
1 |
|
|a рациональность
|
| 610 |
1 |
|
|a исследовательские программы
|
| 610 |
1 |
|
|a компьютеризация
|
| 610 |
1 |
|
|a наука
|
| 610 |
1 |
|
|a труды учёных ТПУ
|
| 700 |
|
1 |
|a Корниенко
|b А. А.
|c российский философ
|c профессор Томского политехнического университета
|c заведующая кафедрой философии
|f 1941-
|g Алла Александровна
|3 (RuTPU)RU\TPU\pers\21967
|9 9286
|
| 701 |
|
1 |
|a Погукаева
|b Н. В.
|c философ
|c доцент Томского политехнического университета, кандидат философских наук
|f 1980-
|g Наталия Вячеславовна
|3 (RuTPU)RU\TPU\pers\25849
|9 11718
|
| 801 |
|
1 |
|a RU
|b 63413507
|c 20060302
|g PSBO
|
| 801 |
|
2 |
|a RU
|b 63413507
|c 20160512
|g PSBO
|
| 942 |
|
|
|c BK
|